| 000 | 00424nam a2200109 4500 | ||
|---|---|---|---|
| 999 |
_c11169 _d11169 |
||
| 008 | 181015b ||||| |||| 00| 0 eng d | ||
| 245 |
_aRehabilitation: _bprovide quality and safe houses for typhoon Pablo victims by building back better. |
||
| 260 |
_aSan Miguel, Manila : _bOP-Bureau of Communications Services, _c2013-©2014. |
||
| 300 |
_av22 n6, pages 39-41; _c23cm. |
||
| 650 | 0 |
_932222 _aDisaster relief |
|
| 942 |
_2ddc _cPER |
||